000 00862nam a2200349 4500
001 0000330461
003 DO-SdBNP
005 20220714102652.0
007 0000330461
008 921013t19891989 sp | | spa d
016 7 _a
_z
_2BPMSU
017 _a
_b
035 _a
040 _aBPMSU
_bspa
_cBPMSU
080 4 _a
080 4 _a
082 _a320.1
_bM297pr 1989
_222
100 1 _aMaquiavelo, Nicolás
_d1469-1527
240 1 3 _a
_l
245 1 3 _aEl principe /
_cNicolás Maquiavelo
_h
260 _aSanto Domingo :
_bEditora de Colores,
_c1989
300 _a123 p. ;
_c21 cm
490 0 _aClásicos de la literatura
504 _a
590 _6Inventariado, 2022/VM
650 7 _a Ciencia política.
_2
650 4 _a Ética política
700 1 _a
_e
700 1 _a
910 _aVMateo V.
942 _2ddc
_cBK
999 _c9236
_d9236